000 00700nam a2200265 i 4500
001 C2-0249177
003 PPAK
005 20180727213234.0
008 030428s1995 enk |||| ||||| | eng d
020 _a0003303098
040 _aPPAK
_beng
_cPPAK
_erda
082 0 4 _a823
_223
090 0 0 _a823
_bLES
_dK
100 1 _aLessing, Doris,
_eauthor
245 1 0 _aSpies I have known and other stories
264 1 _aLondon :
_bCollins Educational ,
_c1995
300 _a213 pages ;
_c19 cm
336 _2rdacontent
_atext
337 _2rdamedia
_aunmediated
338 _2rdacarrier
_avolume
490 1 _aCascades
650 1 0 _aChildren's stories, English
830 0 _aCascades
942 _ddc
_cB
999 _c62728
_d62728